| 000 | 01201nam a22002775i 4500 | ||
|---|---|---|---|
| 001 | 151704 | ||
| 003 | ES-MaACL | ||
| 005 | 20250816063142.0 | ||
| 008 | 151013s1915 sp |||| | spa d | ||
| 100 | 1 |
_aMexía de Ovando, Pedro _9157887 |
|
| 245 | 1 | 3 |
_aLa Ovandina. _nTomo primero / _cde Pedro Mexía de Ovando. |
| 260 |
_aMadrid : _bLibrería General de Victoriano Suárez, _c1915. |
||
| 300 |
_a[1] h. de lám., CXXXV, 591 p. ; _c20 cm. |
||
| 490 | 1 |
_aColección de libros y documentos referentes a la historia de América ; _v17 |
|
| 500 | _aPrimera parte de los quatro libros de la ouandina. | ||
| 530 | _aDisponible en formato digital. | ||
| 600 | 0 | 4 |
_aBorja (Familia)- _xGenealogía. _9157888 |
| 600 | 1 | 4 |
_aMexía (Familia)- _xGenealogía. _9157889 |
| 650 | 0 | 4 |
_aNobleza- _xEspaña. _915578 |
| 651 | 4 |
_aEspaña- _xGenealogía. _98199 |
|
| 651 | 4 |
_aAmérica española- _xGenealogía. _9157678 |
|
| 830 | 0 |
_aColección de libros y documentos referentes a la historia de América ; _v17 _9187663 |
|
| 852 |
_aES-MaACL _jR-2326-45 _x Olim: D-2302-21 |
||
| 856 |
_uhttp://bdh-rd.bne.es/viewer.vm?id=0000121000&page=1 _zBiblioteca Digital Hispánica |
||
| 999 |
_c151704 _d151704 |
||